000 02182cam a2200625 a 4500
001 22079
003 VRT
005 20260319105922.0
008 240318s2010 xo g 000 0bslo
015 _aSNBA2011/02-01155
020 _a9788081140525
_q(viaz.)
035 _a7AF31F3B-76B5-4639-8580-70ABBB82327A
035 _aurn:nbn:sk:snk-amk0zr
035 _aurn:nbn:sk:snk-am00871t
039 9 _a202403181426
_bVLOAD
_c202311140934
_dmsnk170
_c201808010900
_dVLOAD
_c201601140846
_dVLOAD
040 _aPPPK
_bslo
_cPPPK
_dSNK
_eAACR2
041 0 _aslo
043 _ae-xo---
044 _axo
_cSK
072 7 _a343.9
_xKriminalistika
_2konspekt
072 7 _a929
_xBiografie
_2konspekt
080 _a343.22-051
_22001
080 _a343.9.02
_22001
080 _a343.1
_22001
080 _a(437.6)
_22001
080 _a(092)
_22001
080 _a(0:82-96)
_22001
080 _a929
_22001
100 1 _aMurín, Gustáv,
_d1959-
_4aut
245 1 0 _aBoss všetkých bossov Mikuláš Černák
_cGustáv Murín
250 _a1. vyd.
260 _aBratislava
_bMarenčin PT
_c2010
300 _a245 s.
_c21 cm
504 _aBibliogr. odkazy
600 1 7 _aČernák, Mikuláš,
_d1966-
_2SNKMA
648 7 _a20.-21. stor.
_2SNKPH
650 0 7 _azločinci
_2SNKPH
650 0 7 _aorganizovaná kriminalita
_y1989-
_2SNKPH
650 0 7 _asúdne procesy
_y2001-2010
_2SNKPH
651 7 _aSlovensko
_2SNKPH
655 7 _abiografie
_2SNKPH
655 7 _aliteratúra faktu
_2SNKPH
942 _2ddc
_cKLDO
_n0
949 _64710710599
_astrmkB
_bstrmk2010/10599
949 _617A0644254
_asnkSC 142294 D2
_bsnk2010/20654
_of.č.: 09 010 Martinus
949 _6273K0520454
_asvkpoA 208592
_bsvkpo527080
949 _617A0676413
_asnkSC 142294
_bsnk2010/24051
_o2401/10
949 _617A0676412
_asnkSC 142294 D1
_bsnk2010/24053
_o2401/10
_s6100:20210923
949 _63869A10137
_abpksh821.162.4-31
_bbpksh58564
949 _62889163975
_asavukM 112096
_bsavuk2010/4562
949 _6270001000364490
_asvkbbA 129815
_bsvkbbm 713802
949 _6273K0520138
_asvkpoA 208592a
_bsvkpo527807
949 _63830001084190
_akurukX1/1078
_bkuruk2013/F5187
_oD2013/SAV/6.3.2013
980 _a343.22-051
999 _c22079
_d22079